000
00297nam a22001217a 4500
020
_a
0-471-04092-4
082
_a
004.0285 ARN'M
100
_a
NICHOLS, A.V,ARNOLD, R.R,HILL, H.C
_9
76431
245
_a
MODERN DATA PROCESSING
260
_a
NEWYORK
_b
JOHN WILEY
_c
1978
300
_a
435P
942
_c
BK
999
_c
581830
_d
581830